Facteurs de 100 - Statistiques

Statistiques générales
  • Ce quiz a été pris 75 fois
  • Le résultat moyen est 9 sur 9
Statistiques - réponses
Réponse % Correct
1
100%
10
100%
2
100%
5
100%
4
97%
25
96%
50
96%
20
94%
100
90%
Aucun quiz correspondant
Distribution des résultats
% des personnes avec chaque résultat
Percentile par nombre de réponses
Votre historique - résultats
Vous n’avez pas pris ce quiz